Social Media Design For Dummies (Record no. 41050)
[ view plain ]
| 000 -LEADER | |
|---|---|
| fixed length control field | 00310nam a2200133Ia 4500 |
| 008 - FIXED-LENGTH DATA ELEMENTS--GENERAL INFORMATION | |
| fixed length control field | 240703s9999 xx 000 0 und d |
| 041 ## - LANGUAGE CODE | |
| Language code of text/sound track or separate title | eng |
| 100 ## - MAIN ENTRY--PERSONAL NAME | |
| Personal name | Warner |
| 245 ## - TITLE STATEMENT | |
| Title | Social Media Design For Dummies |
| 260 ## - PUBLICATION, DISTRIBUTION, ETC. | |
| Name of publisher, distributor, etc. | Wiley India |
| 365 ## - TRADE PRICE | |
| Currency code | RS. |
| Price amount | 499.00 |
| 906 ## - LOCAL DATA ELEMENT F, LDF (RLIN) | |
| b | 35 |
| Withdrawn status | Lost status | Source of classification or shelving scheme | Damaged status | Not for loan | Home library | Current library | Shelving location | Date acquired | Source of acquisition | Cost, normal purchase price | Total Checkouts | Full call number | Barcode | Date due | Date last seen | Date last checked out | Copy number | Cost, replacement price | Price effective from | Koha item type |
|---|---|---|---|---|---|---|---|---|---|---|---|---|---|---|---|---|---|---|---|---|
| Dewey Decimal Classification | IMTN | IMTN | Rack 3-B | 07/03/2024 | Dr. Tapas K Chatterjee | 499.00 | 1 | 006.754 WAR | 33459 | 10/14/2024 | 07/06/2024 | 07/06/2024 | 1 | 324.35 | 07/03/2024 | Books |